Statistiques concernant Culture Générale - Série 1962

Cliquez ici pour prendre le quiz!

Statistiques générales

  • Ce quiz a été pris 78 fois
  • Le résultat moyen est 4 sur 10

Statistiques - réponses

QuestionRéponse% Correct
Comment dit-on quatre-vingt-dix en Belgique ?nonante
92%
Dans la mythologie grecque, qui est le dieu de la guerre ?Arès
65%
Dans quel pays d'Amérique du Sud se trouve la ville portuaire de Natal ? voir photoBrésil
64%
Ce mot désigne une arme à feu et un outil à aiguiserfusil
60%
Dans la mythologie grecque, qui a résolu l'énigme du sphinx ?Oedipe
41%
Quand il est nom il désigne un point de repère pour les marins et adjectif il désigne un mauvais goûtamer
39%
Selon la chanson du Grand Orchestre du Splendid, quelle ville est l'enfer du jeu ?Macao
32%
Quel anglicisme désigne un ski nautique nu-pied, sans skis ?barefoot
29%
Quel grand journal britannique, proche du Parti conservateur, a été créé en 1964 ?The Sun
19%
Comment appelle-t-on l'hiver en poésie ?bise
3%

Distribution des résultats

Percentile par nombre de réponses

% des personnes avec chaque résultat

Votre développement - résultats

Vous n’avez pas pris ce quiz